<?xml version="1.0" encoding="UTF-8"?>
<record
    xmlns:xsi="http://www.w3.org/2001/XMLSchema-instance"
    xsi:schemaLocation="http://www.loc.gov/MARC21/slim http://www.loc.gov/standards/marcxml/schema/MARC21slim.xsd"
    xmlns="http://www.loc.gov/MARC21/slim">

  <leader>00457nam a2200181   4500</leader>
  <controlfield tag="003">SEACOMEC</controlfield>
  <controlfield tag="005">20241204124252.0</controlfield>
  <controlfield tag="008">241204b        |||||||| |||| 00| 0 eng d</controlfield>
  <datafield tag="020" ind1=" " ind2=" ">
    <subfield code="a">978-0321210265</subfield>
    <subfield code="c">425.00</subfield>
  </datafield>
  <datafield tag="040" ind1=" " ind2=" ">
    <subfield code="a">SEACOMEC</subfield>
  </datafield>
  <datafield tag="082" ind1=" " ind2=" ">
    <subfield code="a">005.3</subfield>
    <subfield code="b">S696</subfield>
  </datafield>
  <datafield tag="100" ind1=" " ind2=" ">
    <subfield code="a"> Sommerville, Ian</subfield>
  </datafield>
  <datafield tag="245" ind1=" " ind2=" ">
    <subfield code="a">Software Engineering:</subfield>
    <subfield code="c">/Ian Sommerville</subfield>
  </datafield>
  <datafield tag="250" ind1=" " ind2=" ">
    <subfield code="a">7th ed</subfield>
  </datafield>
  <datafield tag="260" ind1=" " ind2=" ">
    <subfield code="a">Delhi</subfield>
    <subfield code="b">Pearson Education India</subfield>
    <subfield code="c">2008</subfield>
  </datafield>
  <datafield tag="300" ind1=" " ind2=" ">
    <subfield code="a">781 p</subfield>
  </datafield>
  <datafield tag="942" ind1=" " ind2=" ">
    <subfield code="c">BOOK</subfield>
  </datafield>
  <datafield tag="952" ind1=" " ind2=" ">
    <subfield code="0">0</subfield>
    <subfield code="1">0</subfield>
    <subfield code="2">ddc</subfield>
    <subfield code="4">0</subfield>
    <subfield code="7">0</subfield>
    <subfield code="a">SEACOMEC</subfield>
    <subfield code="b">SEACOMEC</subfield>
    <subfield code="d">2006-04-03</subfield>
    <subfield code="l">0</subfield>
    <subfield code="o">005.3 S696</subfield>
    <subfield code="p">10619</subfield>
    <subfield code="r">2024-12-04 12:41:24</subfield>
    <subfield code="w">2024-12-04</subfield>
    <subfield code="y">REF</subfield>
  </datafield>
  <datafield tag="952" ind1=" " ind2=" ">
    <subfield code="0">0</subfield>
    <subfield code="1">0</subfield>
    <subfield code="2">ddc</subfield>
    <subfield code="4">0</subfield>
    <subfield code="7">0</subfield>
    <subfield code="a">SEACOMEC</subfield>
    <subfield code="b">SEACOMEC</subfield>
    <subfield code="d">2006-04-03</subfield>
    <subfield code="l">0</subfield>
    <subfield code="o">005.3 S696</subfield>
    <subfield code="p">10620</subfield>
    <subfield code="r">2024-12-04 12:41:24</subfield>
    <subfield code="t">1</subfield>
    <subfield code="w">2024-12-04</subfield>
    <subfield code="y">BOOK</subfield>
  </datafield>
  <datafield tag="952" ind1=" " ind2=" ">
    <subfield code="0">0</subfield>
    <subfield code="1">0</subfield>
    <subfield code="2">ddc</subfield>
    <subfield code="4">0</subfield>
    <subfield code="7">0</subfield>
    <subfield code="a">SEACOMEC</subfield>
    <subfield code="b">SEACOMEC</subfield>
    <subfield code="d">2006-04-03</subfield>
    <subfield code="l">0</subfield>
    <subfield code="o">005.3 S696</subfield>
    <subfield code="p">10621</subfield>
    <subfield code="r">2024-12-04 12:41:24</subfield>
    <subfield code="t">2</subfield>
    <subfield code="w">2024-12-04</subfield>
    <subfield code="y">BOOK</subfield>
  </datafield>
  <datafield tag="952" ind1=" " ind2=" ">
    <subfield code="0">0</subfield>
    <subfield code="1">0</subfield>
    <subfield code="2">ddc</subfield>
    <subfield code="4">0</subfield>
    <subfield code="7">0</subfield>
    <subfield code="a">SEACOMEC</subfield>
    <subfield code="b">SEACOMEC</subfield>
    <subfield code="d">2006-04-03</subfield>
    <subfield code="l">0</subfield>
    <subfield code="o">005.3 S696</subfield>
    <subfield code="p">10622</subfield>
    <subfield code="r">2024-12-04 12:41:24</subfield>
    <subfield code="t">3</subfield>
    <subfield code="w">2024-12-04</subfield>
    <subfield code="y">BOOK</subfield>
  </datafield>
  <datafield tag="952" ind1=" " ind2=" ">
    <subfield code="0">0</subfield>
    <subfield code="1">0</subfield>
    <subfield code="2">ddc</subfield>
    <subfield code="4">0</subfield>
    <subfield code="7">0</subfield>
    <subfield code="a">SEACOMEC</subfield>
    <subfield code="b">SEACOMEC</subfield>
    <subfield code="d">2006-04-03</subfield>
    <subfield code="l">0</subfield>
    <subfield code="o">005.3 S696</subfield>
    <subfield code="p">10623</subfield>
    <subfield code="r">2024-12-04 12:41:24</subfield>
    <subfield code="t">4</subfield>
    <subfield code="w">2024-12-04</subfield>
    <subfield code="y">BOOK</subfield>
  </datafield>
  <datafield tag="952" ind1=" " ind2=" ">
    <subfield code="0">0</subfield>
    <subfield code="1">0</subfield>
    <subfield code="2">ddc</subfield>
    <subfield code="4">0</subfield>
    <subfield code="7">0</subfield>
    <subfield code="a">SEACOMEC</subfield>
    <subfield code="b">SEACOMEC</subfield>
    <subfield code="d">2006-04-03</subfield>
    <subfield code="l">0</subfield>
    <subfield code="o">005.3 S696</subfield>
    <subfield code="p">10624</subfield>
    <subfield code="r">2024-12-04 12:41:24</subfield>
    <subfield code="t">5</subfield>
    <subfield code="w">2024-12-04</subfield>
    <subfield code="y">BOOK</subfield>
  </datafield>
  <datafield tag="952" ind1=" " ind2=" ">
    <subfield code="0">0</subfield>
    <subfield code="1">0</subfield>
    <subfield code="2">ddc</subfield>
    <subfield code="4">0</subfield>
    <subfield code="7">0</subfield>
    <subfield code="a">SEACOMEC</subfield>
    <subfield code="b">SEACOMEC</subfield>
    <subfield code="d">2006-04-03</subfield>
    <subfield code="l">0</subfield>
    <subfield code="o">005.3 S696</subfield>
    <subfield code="p">10625</subfield>
    <subfield code="r">2024-12-04 12:41:24</subfield>
    <subfield code="t">6</subfield>
    <subfield code="w">2024-12-04</subfield>
    <subfield code="y">BOOK</subfield>
  </datafield>
  <datafield tag="952" ind1=" " ind2=" ">
    <subfield code="0">0</subfield>
    <subfield code="1">0</subfield>
    <subfield code="2">ddc</subfield>
    <subfield code="4">0</subfield>
    <subfield code="7">0</subfield>
    <subfield code="a">SEACOMEC</subfield>
    <subfield code="b">SEACOMEC</subfield>
    <subfield code="d">2006-04-03</subfield>
    <subfield code="l">0</subfield>
    <subfield code="o">005.3 S696</subfield>
    <subfield code="p">10626</subfield>
    <subfield code="r">2024-12-04 12:41:24</subfield>
    <subfield code="t">7</subfield>
    <subfield code="w">2024-12-04</subfield>
    <subfield code="y">BOOK</subfield>
  </datafield>
  <datafield tag="952" ind1=" " ind2=" ">
    <subfield code="0">0</subfield>
    <subfield code="1">0</subfield>
    <subfield code="2">ddc</subfield>
    <subfield code="4">0</subfield>
    <subfield code="7">0</subfield>
    <subfield code="a">SEACOMEC</subfield>
    <subfield code="b">SEACOMEC</subfield>
    <subfield code="d">2006-04-03</subfield>
    <subfield code="l">0</subfield>
    <subfield code="o">005.3 S696</subfield>
    <subfield code="p">10627</subfield>
    <subfield code="r">2024-12-04 12:41:24</subfield>
    <subfield code="t">8</subfield>
    <subfield code="w">2024-12-04</subfield>
    <subfield code="y">BOOK</subfield>
  </datafield>
  <datafield tag="952" ind1=" " ind2=" ">
    <subfield code="0">0</subfield>
    <subfield code="1">0</subfield>
    <subfield code="2">ddc</subfield>
    <subfield code="4">0</subfield>
    <subfield code="7">0</subfield>
    <subfield code="a">SEACOMEC</subfield>
    <subfield code="b">SEACOMEC</subfield>
    <subfield code="d">2006-04-03</subfield>
    <subfield code="l">0</subfield>
    <subfield code="o">005.3 S696</subfield>
    <subfield code="p">10628</subfield>
    <subfield code="r">2024-12-04 12:41:24</subfield>
    <subfield code="t">9</subfield>
    <subfield code="w">2024-12-04</subfield>
    <subfield code="y">BOOK</subfield>
  </datafield>
  <datafield tag="999" ind1=" " ind2=" ">
    <subfield code="c">1858</subfield>
    <subfield code="d">1858</subfield>
  </datafield>
</record>
